Once there was a girl / (Record no. 70327)

MARC details
000 -LEADER
fixed length control field 00829nam a22002417a 4500
005 - DATE AND TIME OF LATEST TRANSACTION
control field 2012092608118.0
008 - FIXED-LENGTH DATA ELEMENTS--GENERAL INFORMATION
fixed length control field 120926t xxu||||| |||| 00| 0 eng d
010 ## - LCCN (DPL NO)
LC control number ENG-105984
020 ## - INTERNATIONAL STANDARD BOOK NUMBER
International Standard Book Number 9789350450277
Terms of availability 400.00
035 ## - SYSTEM CONTROL NUMBER
System control number EN-89517
037 ## - SOURCE OF ACQUISITION
Source of stock number/acquisition DBAD/PUB
040 ## - CATALOGING SOURCE
Original cataloging agency DPL
Language of cataloging English
082 ## - DEWEY DECIMAL CLASSIFICATION NUMBER
Classification number N
100 ## - MAIN ENTRY--PERSONAL NAME
9 (RLIN) 52635
245 ## - TITLE STATEMENT
Title Once there was a girl /
Statement of responsibility, etc translated from the Tamil by K. Srilata [and] R. Vatsala
260 ## - PUBLICATION, DISTRIBUTION, ETC. (IMPRINT)
Place of publication, distribution, etc Calcutta
Name of publisher, distributor, etc Writers Workshop
Date of publication, distribution, etc 2012
270 ## - ADDRESS
Address 162/92, Lake Gardens
City Calcutta
Postal code 700045
Electronic mail address www.writersworkshopindia.com
300 ## - PHYSICAL DESCRIPTION
Extent 318p.
Dimensions 22cm(Hb)
700 ## - ADDED ENTRY--PERSONAL NAME
Personal name Srilata, K.
9 (RLIN) 52641
700 ## - ADDED ENTRY--PERSONAL NAME
Personal name Vatsala, R.
9 (RLIN) 52642
942 ## - ADDED ENTRY ELEMENTS (KOHA)
Source of classification or shelving scheme Dewey Decimal Classification
Item type English Books
Call number suffix ONC
Classification part N
Holdings
Withdrawn status Lost status Source of classification or shelving scheme Damaged status Not for loan Collection code Home library Current library Date acquired Source of acquisition Cost, normal purchase price Total Checkouts Full call number Barcode Date last seen Copy number Cost, replacement price Koha item type
    Dewey Decimal Classification   Not For Loan Fiction D.B.Act.Division D.B.Act.Division 26/09/2012 DBAD / PUB 400.00   N ONC EN-89517 26/09/2012 1 400.00 English Books

© Delhi Public Library
Hit Counter
free hit counter